Normal view
MARC view
- Mechanical Engineering - Ms Thesis
Entry Personal Name
001 - CONTROL NUMBER
- control field: 15652
003 - CONTROL NUMBER IDENTIFIER
- control field: NUST
005 - DATE AND TIME OF LATEST TRANSACTION
- control field: 20190626112055.0
008 - FIXED-LENGTH DATA ELEMENTS
- fixed length control field: 190626|| aca||aabn | a|a d
040 ## - CATALOGING SOURCE
- Original cataloging agency: NUST
- Transcribing agency: NUST
100 ## - HEADING--PERSONAL NAME
- Personal name: Mechanical Engineering - Ms Thesis
670 ## - SOURCE DATA FOUND
- Source citation: Work cat.: (NUST): Kamal Mazhar Malik. 15651, State and Parameter Estimation for Vehicle Dynamics Control/, 2015.
